Salta al contenuto

Город и деревня в русской истории

Классическое произведение, относящееся к общественному достоянию.

Salvato in:
Dettagli Bibliografici
Autore principale: Рожков Н. А.
Natura: Книга
Lingua:Russian
Pubblicazione: Санкт-Петербург Лань 2013
Accesso online:http://e.lanbook.com/books/element.php?pl1_cid=25&pl1_id=13613
https://e.lanbook.com/img/cover/book/13613.jpg
Tags: Aggiungi Tag
Nessun Tag, puoi essere il primo ad aggiungerne! !
LEADER 01040nam0a2200241 i 4500
001 13613
003 RuSpLAN
005 20221220173904.0
008 221220s2013 ru gs 000 0 rus
020 |a 978-5-507-13219-5 
040 |a RuSpLAN 
041 0 |a rus 
044 |a ru 
245 0 0 |a Город и деревня в русской истории  |c Рожков Н. А. 
260 |a Санкт-Петербург  |b Лань  |c 2013 
300 |a 84 с. 
504 |a Библиогр.: доступна в карточке книги, на сайте ЭБС Лань 
520 8 |a Классическое произведение, относящееся к общественному достоянию. 
521 8 |a Книга из коллекции Лань - Социально-гуманитарные науки 
100 1 |a Рожков Н. А. 
856 4 |u http://e.lanbook.com/books/element.php?pl1_cid=25&pl1_id=13613 
856 4 8 |u https://e.lanbook.com/img/cover/book/13613.jpg 
953 |a https://e.lanbook.com/img/cover/book/13613.jpg